Design review (Record no. 110216)

MARC details
000 -LEADER
fixed length control field 01638cad a22002535a 4500
001 - CONTROL NUMBER
control field L148768
008 - FIXED-LENGTH DATA ELEMENTS--GENERAL INFORMATION
fixed length control field 091109s2009 xxkabo f 000 0 eng d
020 ## - INTERNATIONAL STANDARD BOOK NUMBER
International Standard Book Number 9781846330247
035 ## - SYSTEM CONTROL NUMBER
System control number (Sirsi) u148768
041 0# - LANGUAGE CODE
Language code of text/sound track or separate title eng
050 04 - LIBRARY OF CONGRESS CALL NUMBER
Classification number 720 $2 18
110 2# - MAIN ENTRY--CORPORATE NAME
Corporate name or jurisdiction name as entry element Commission for Architecture and the Built Environment
9 (RLIN) 4058
245 00 - TITLE STATEMENT
Title Design review
Remainder of title principles and practice
Medium [electronic resource]
260 ## - PUBLICATION, DISTRIBUTION, ETC.
Place of publication, distribution, etc. London
Name of publisher, distributor, etc. CABE
Date of publication, distribution, etc. 2009
505 2# - FORMATTED CONTENTS NOTE
Formatted contents note Foreword -- Working together on design review -- Supporting good design: the case for good design; ten principles of design review; the role of design review in the planning system; design review panels at different spatial scales -- Panels in practice -- How to get the best out of design review: how to set up a design review panel; how to appoint and train panel members -- How to organise a panel meeting -- Further information
520 ## - SUMMARY, ETC.
Summary, etc. Aims to explain how design review can support good design through the planning process. Shows how to organise and run a review design panel. Promotes ten principles of good practice for all types of panels including independency, accountability and expertise. Illustrates by cases studies the range of panels currently operating.
520 ## - SUMMARY, ETC.
Summary, etc. Supersedes the publication "How to design review" (L134144).
521 ## - TARGET AUDIENCE NOTE
Target audience note Advanced
590 ## - LOCAL NOTE (RLIN)
Local note KA NTK
651 #4 - SUBJECT ADDED ENTRY--GEOGRAPHIC NAME
Geographic name England
Chronological subdivision 886-
690 ## - LOCAL SUBJECT ADDED ENTRY--TOPICAL TERM (OCLC, RLIN)
Topical term or geographic name as entry element BUILT ENVIRONMENT-CONSTRUCTION MANAGEMENT-CONSTRUCTION DESIGN AND MANAGEMENT
856 40 - ELECTRONIC LOCATION AND ACCESS
Uniform Resource Identifier <a href="https://www.cabe.org.uk/publications/design-review-principles-and-practice">https://www.cabe.org.uk/publications/design-review-principles-and-practice</a>
Public note View the publication free of charge at www.cabe.org.uk...
942 ## - ADDED ENTRY ELEMENTS (KOHA)
Suppress in OPAC 0
Holdings
Withdrawn status Lost status Source of classification or shelving scheme Damaged status Not for loan Home library Current library Shelving location Date acquired Total Checkouts Full call number Barcode Date last seen Copy number Price effective from Koha item type
    Dewey Decimal Classification     Virtual Virtual Online 09/11/2009   ONLINE PUBLICATION 148768-1001 06/08/2019 1 06/08/2019 Book